Online
Catalog

Desarrollo económico y social de la República Dominicana 1990-2000 / (Record no. 21908)

MARC details
000 -CABECERA
campo de control de longitud fija 02403nam a2200289 a 4500
001 - NÚMERO DE CONTROL
campo de control 000022410
003 - IDENTIFICADOR DEL NÚMERO DE CONTROL
campo de control DO-SdBNP
005 - FECHA Y HORA DE LA ÚLTIMA TRANSACCIÓN
campo de control 20250701132841.0
008 - DATOS DE LONGITUD FIJA--INFORMACIÓN GENERAL
campo de control de longitud fija 101008s2003 dr 000 0 spa d
020 ## - NÚMERO INTERNACIONAL ESTÁNDAR DEL LIBRO
Número Internacional Estándar del Libro 9993425494
040 ## - FUENTE DE LA CATALOGACIÓN
Centro catalogador/agencia de origen DO-SdBNP
Lengua de catalogación spa
Centro/agencia transcriptor BNPHU
082 ## - NÚMERO DE LA CLASIFICACIÓN DECIMAL DEWEY
Número de clasificación 330.97293
Número de documento/Ítem B326d
100 1# - ENTRADA PRINCIPAL--NOMBRE DE PERSONA
Nombre de persona Bastidas Castañeda, América
9 (RLIN) 32079
245 10 - MENCIÓN DE TÍTULO
Título Desarrollo económico y social de la República Dominicana 1990-2000 /
Mención de responsabilidad, etc. América Bastidas Castañeda.
260 ## - PUBLICACIÓN, DISTRIBUCIÓN, ETC.
Lugar de publicación, distribución, etc. Santo Domingo :
Nombre del editor, distribuidor, etc. Instituto Tecnológico de Santo Domingo,
Fecha de publicación, distribución, etc. 2003.
300 ## - DESCRIPCIÓN FÍSICA
Extensión 448 p. :
Otras características físicas il ;
Dimensiones 23 cm.
505 0# - NOTA DE CONTENIDO CON FORMATO
Nota de contenido con formato Prólogo --
Título Presentación --
-- Reformas económicas y desarrollo económico sustentable --
-- Modelos de desarrollo y reformas económicas en la República Dominicana --
-- Desarrollo sustentable o sostenible : una aproximación teórica --
-- Desarrollo sustentable y patrón de crecimiento económico --
-- Gestión ambiental en la República Dominicana --
-- Empleo, pobreza y políticas sociales --
-- Diagnóstico de la ocupación --
-- Crédito, empresa y desarrollo local --
-- Pobreza rural--
-- Deuda externa, deuda social y política de ajuste en República Dominicana --
-- Modernización del Estado --
-- Modernización del Estado dominicano y estratégia de desarrollo --
-- Privatización: ¿Necesidad nacional o estrategia internacional? --
-- Aranceles y desarrollo económico --
-- Globalización y desarrollo --
-- Globalización y seguridad alimentaria --
-- Globalización --
-- Efectos sobre la seguridad alimentaria nutricional --
-- Seguridad humana y desarrollo integral en la sociedad dominicana --
-- El empresariado y el Estado en la formación del Área de Libre Comercio (ALCA) --
-- La República Dominicana frente a las estrategias de integración y globalización --
-- Mujer y desarrollo --
-- Modernidad: su pertenencia como condición, discurso y mito--
-- Ciudadanía y mujer --
-- La feminización de la noción de desarrollo --
-- Mujer y derechos humanos.
590 ## - NOTA LOCAL (RLIN)
Nota local Inventariado, 2018/ YL
650 #0 - PUNTO DE ACCESO ADICIONAL DE MATERIA--TÉRMINO DE MATERIA
Término de materia o nombre geográfico como elemento de entrada Desarrollo económico
9 (RLIN) 85548
650 #4 - PUNTO DE ACCESO ADICIONAL DE MATERIA--TÉRMINO DE MATERIA
Término de materia o nombre geográfico como elemento de entrada Mujeres
Subdivisión general Condiciones sociales
9 (RLIN) 2063
651 #4 - PUNTO DE ACCESO ADICIONAL DE MATERIA--NOMBRE GEOGRÁFICO
Nombre geográfico República Dominicana
Subdivisión general Condiciones Económicas
9 (RLIN) 281
651 #4 - PUNTO DE ACCESO ADICIONAL DE MATERIA--NOMBRE GEOGRÁFICO
Nombre geográfico República Dominicana
Subdivisión general Condiciones Sociales
9 (RLIN) 46
651 #4 - PUNTO DE ACCESO ADICIONAL DE MATERIA--NOMBRE GEOGRÁFICO
Nombre geográfico República Dominicana
Subdivisión general Política Económica
9 (RLIN) 643
651 #4 - PUNTO DE ACCESO ADICIONAL DE MATERIA--NOMBRE GEOGRÁFICO
Nombre geográfico República Dominicana
Subdivisión general Política Social
9 (RLIN) 2627
910 ## - DATOS DE OPCIÓN DEL USUARIO (OCLC)
Datos de opción del usuario Validado. Control de calidad MMOLINA
942 ## - ELEMENTOS DE PUNTO DE ACCESO ADICIONAL (KOHA)
Fuente del sistema de clasificación o colocación Dewey Decimal Classification
Tipo de ítem Koha Libro
Holdings
Estado de retiro Estado de pérdida Restricciones de uso No para préstamo Código de colección Localización permanente Ubicación/localización actual Ubicación en estantería Fecha de adquisición Número de inventario Total de préstamos Signatura topográfica completa Código de barras Fecha visto por última vez Número de copia Precio válido a partir de Tipo de ítem Koha
        Dominicana de Servicio General General Depósito 08.10.2010 LF1   330.97293 B326d 22410-30 25.06.2020 e. 3 25.06.2020 Libro y Folleto Colección Dominicana de Servicio
        Dominicana de Servicio General General Depósito 11.10.2010 LF1   330.97293 B326d 22410-40 25.06.2020 e. 4 25.06.2020 Libro y Folleto Colección Dominicana de Servicio
        Dominicana de Servicio General General Depósito 11.10.2010 LF1   330.97293 B326d 22410-50 25.06.2020 e. 5 25.06.2020 Libro y Folleto Colección Dominicana de Servicio
      Excluido de préstamo Patrimonio Dominicano Patrimonio Dominicano Patrimonio Dominicano Depósito 08.10.2010 LF1   330.97293 B326d 22410-10 25.06.2020   25.06.2020 Libro y Folleto Colección Patrimonio Dominicano
      Excluido de préstamo Patrimonio Dominicano Patrimonio Dominicano Patrimonio Dominicano Depósito 08.10.2010 LF1   330.97293 B326d 22410-20 25.06.2020 e. 2 25.06.2020 Libro y Folleto Colección Patrimonio Dominicano

Powered by Koha